Spanish Infinitives - B - Statistics

General Stats
  • This quiz has been taken 5 times
  • The average score is 9 of 15
Answer Stats
Hint Answer % Correct
Bañar to bath
100%
Bailar to dance
100%
Beber to drink
100%
Buscar to look for
100%
Blocar to block
80%
Besar to kiss
80%
Bendecir to bless
60%
Bajar to lower
60%
Barrer to sweep
40%
Brindar to toast (cheer)
40%
Batir to whisk
40%
Bromear to joke
20%
Brincar to jump
20%
Burlar to mock
20%
Borrar to delete
0%
No matching quizzes found
Score Distribution
Percent of People with Each Score
Percentile by Number Answered
Your Score History
You have not taken this quiz